[Event "17th TCh-SLO w"]
[Site "Ljubljana SLO"]
[Date "2007.12.02"]
[Round "5"]
[White "Bilbija, A."]
[Black "Ursic, Mo"]
[Result "1/2-1/2"]
[WhiteElo "1813"]
[BlackElo "1659"]
[PlyCount "116"]
[EventDate "2007.11.29"]
[Source "www.chesslib.no"]
[SourceDate "2004.05.04"]

1. f4 d5 2. Nf3 Nf6 3. e3 c5 4. Bb5+ Bd7 5. Bxd7+ Nbxd7 6. Nc3 e6 7. b3 Be7 8. Bb2 O-O 9. Ne2 Qc7 10. Ne5 Nxe5 11. Bxe5 Qc6 12. Ng3 Nd7 13. Bb2 Bf6 14. Bxf6 Nxf6 15. O-O d4 16. Qf3 Qxf3 17. Rxf3 dxe3 18. Rxe3 Rfd8 19. Rd1 Nd5 20. Rf3 Nb4 21. c3 Nc6 22. Ne4 b6 23. Nf2 Rd7 24. Rd3 Rad8 25. Rxd7 Rxd7 26. Ng4 h5 27. Ne5 Nxe5 28. fxe5 Rd5 29. d4 Kf8 30. Kf2 Ke7 31. Ke3 f6 32. exf6+ gxf6 33. c4 Rxd4 34. Rxd4 cxd4+ 35. Kxd4 Kd6 36. b4 a6 37. c5+ bxc5+ 38. bxc5+ Kc6 39. g3 e5+ 40. Kc4 f5 41. h3 e4 42. h4 a5 43. Kd4 a4 44. a3 e3 45. Kxe3 Kxc5 46. Kf4 Kc4 47. Kxf5 Kb3 48. g4 hxg4 49. Kxg4 Kxa3 50. h5 Kb2 51. h6 a3 52. h7 a2 53. h8=Q+ Kb1 54. Qb8+ Ka1 55. Qe5+ Kb1 56. Qe1+ Kb2 57. Qd2+ Kb1 58. Qxa2+ Kxa2 1/2-1/2

[Event "Zlin"]
[Site "?"]
[Date "1999.??.??"]
[Round "2"]
[White "Fisar Josef"]
[Black "Novak Jakub"]
[Result "1/2-1/2"]
[WhiteElo "1630"]
[BlackElo "1775"]
[PlyCount "28"]
[EventDate "1999.??.??"]
[Source "www.chesslib.no"]
[SourceDate "2004.05.04"]

1. f4 d5 2. Nf3 Nf6 3. e3 c5 4. d4 e6 5. Be2 Nc6 6. c3 Qb6 7. Ne5 Ne4 8. Bd3 Nf6 9. O-O Be7 10. Nd2 Bd7 11. Ndf3 Nxe5 12. Nxe5 g6 13. Kh1 Bc6 14. Rb1 Nd7 1/2-1/2

[Event "Mingara"]
[Site "?"]
[Date "2000.01.08"]
[Round "10"]
[White "Ali Mosaddeque"]
[Black "Rej Tomek"]
[Result "1-0"]
[WhiteElo "1707"]
[BlackElo "1676"]
[PlyCount "71"]
[EventDate "2000.??.??"]
[Source "www.chesslib.no"]
[SourceDate "2004.05.04"]

1. f4 d5 2. Nf3 Nf6 3. e3 c5 4. b3 g6 5. Bb2 Bg7 6. Be2 O-O 7. O-O b6 8. Qe1 Bb7 9. d3 Nc6 10. Nbd2 Ng4 11. Bxg7 Kxg7 12. Bd1 d4 13. e4 Ne3 14. Rf2 Qc7 15. Nh4 e6 16. Nf1 Qe7 17. g3 Nxd1 18. Qxd1 f5 19. Nd2 Qd7 20. Qe2 Nb4 21. Nc4 fxe4 22. dxe4 d3 23. Rd1 Nxa2 24. Rxd3 Qc6 25. Re3 Nb4 26. c3 Na6 27. Ne5 Qc7 28. Qg4 Qe7 29. Nhxg6 hxg6 30. Qxg6+ Kh8 31. g4 Qh7 32. Qg5 Bxe4 33. f5 exf5 34. Ng6+ Kg7 35. Nxf8+ Kh8 36. Nxh7 1-0

[Event "Vaihingen/Enz"]
[Site "?"]
[Date "2003.02.01"]
[Round "4.3"]
[White "Zieher Andre"]
[Black "Becker Johannes"]
[Result "0-1"]
[WhiteElo "1519"]
[BlackElo "1805"]
[PlyCount "90"]
[EventDate "2003.??.??"]
[Source "www.chesslib.no"]
[SourceDate "2004.05.04"]

1. f4 d5 2. Nf3 Nf6 3. e3 c5 4. Bb5+ Bd7 5. Bxd7+ Nbxd7 6. O-O e6 7. b3 Bd6 8. d3 Qb6 9. Bb2 d4 10. exd4 Bxf4 11. dxc5 Qxc5+ 12. d4 Qc7 13. g3 Bxg3 14. hxg3 Qxg3+ 15. Kh1 Ne4 16. Qe1 Qh3+ 17. Nh2 Ng3+ 18. Kg1 Nxf1 19. Qxf1 Qxf1+ 20. Kxf1 Rc8 21. c4 h5 22. Nd2 Nf6 23. Kg2 Rg8 24. Re1 Kd8 25. Ndf3 Nh7 26. Ne5 Rc7 27. Nhf3 g5 28. Nd2 h4 29. Kh3 Nf8 30. Ne4 f5 31. Nd6 Rgg7 32. Ba3 Ng6 33. Nxg6 Rxg6 34. d5 exd5 35. Nxf5 dxc4 36. Be7+ Kd7 37. Kg4 cxb3 38. axb3 Rc2 39. Rd1+ Kc7 40. Bd8+ Kb8 41. Rd7 Rg8 42. Nd6 Rd2 43. Rxb7+ Ka8 44. Rd7 Rd4+ 45. Kh5 h3 0-1

[Event "Vaihingen/Enz"]
[Site "?"]
[Date "2003.02.01"]
[Round "5.4"]
[White "Zieher Andre"]
[Black "Bissbort Julian"]
[Result "0-1"]
[WhiteElo "1519"]
[BlackElo "1803"]
[PlyCount "32"]
[EventDate "2003.??.??"]
[Source "www.chesslib.no"]
[SourceDate "2004.05.04"]

1. f4 d5 2. Nf3 Nf6 3. e3 c5 4. Bb5+ Bd7 5. Bxd7+ Nbxd7 6. b3 g6 7. Bb2 Bg7 8. O-O O-O 9. Qe1 Rc8 10. Qh4 c4 11. bxc4 Rxc4 12. Nc3 Qc7 13. Rab1 e5 14. fxe5 Rxh4 15. Nxh4 Nxe5 16. Nb5 Qb8 0-1

[Event "Baunatal"]
[Site "?"]
[Date "1999.08.13"]
[Round "2"]
[White "Weissbeck Wolf Dieter"]
[Black "Handschuh Bernd"]
[Result "1-0"]
[WhiteElo "1766"]
[BlackElo "1550"]
[PlyCount "35"]
[EventDate "1999.??.??"]
[Source "www.chesslib.no"]
[SourceDate "2004.05.04"]

1. f4 d5 2. Nf3 Nf6 3. e3 c5 4. Be2 e6 5. O-O Be7 6. d3 O-O 7. Nbd2 Nc6 8. Ne5 Qc7 9. Ndf3 b6 10. g4 Nxe5 11. Nxe5 Nd7 12. d4 a6 13. c3 Bb7 14. Bd3 Nxe5 15. dxe5 f5 16. exf6 Rxf6 17. g5 Rff8 18. Bxh7+ 1-0

[Event "12sen.Wörishofen op"]
[Site "?"]
[Date "1996.??.??"]
[Round "?"]
[White "Auf'm Wasser Guenter"]
[Black "Rueggeberg Wilhelm"]
[Result "0-1"]
[WhiteElo "1605"]
[BlackElo "1705"]
[PlyCount "76"]
[EventDate "1996.??.??"]
[Source "www.chesslib.no"]
[SourceDate "2004.05.04"]

1. f4 d5 2. Nf3 Nf6 3. e3 c5 4. b3 Nc6 5. Bb5 Bd7 6. Bb2 e6 7. O-O Be7 8. d3 Rc8 9. Nbd2 O-O 10. Bxc6 Bxc6 11. Ne5 Bb5 12. Ndf3 Ne8 13. Qe1 f6 14. Ng4 Qb6 15. a4 Bd7 16. Qg3 Kh8 17. h4 Nd6 18. a5 Qc7 19. Qe1 b5 20. e4 Rce8 21. h5 d4 22. Nh4 Kg8 23. Qg3 f5 24. Ng6 fxg4 25. Nxf8 Rxf8 26. Qxg4 b4 27. Rf3 Ne8 28. e5 Rf7 29. Bc1 a6 30. Rg3 Qd8 31. Qh3 Rf5 32. Bd2 Nc7 33. Rf3 Bc6 34. Rg3 Qe8 35. Qg4 Qf7 36. h6 g6 37. Rh3 Nd5 38. g3 Ne3 0-1

[Event "Bethune-C"]
[Site "?"]
[Date "2001.??.??"]
[Round "?"]
[White "Lefebvre Herve"]
[Black "Holland Christopher"]
[Result "1/2-1/2"]
[WhiteElo "1640"]
[BlackElo "1650"]
[PlyCount "27"]
[EventDate "2001.??.??"]
[Source "www.chesslib.no"]
[SourceDate "2004.05.04"]

1. f4 d5 2. Nf3 Nf6 3. e3 c5 4. c3 Nc6 5. Bb5 Bd7 6. Bxc6 Bxc6 7. d4 e6 8. Nbd2 Be7 9. a4 Rc8 10. Ne5 Bd6 11. Nxc6 Rxc6 12. O-O Qc7 13. g3 cxd4 14. exd4 1/2-1/2

[Event "08sen.Kurpfalz op"]
[Site "?"]
[Date "2002.09.14"]
[Round "7.18"]
[White "Thonig Manfred"]
[Black "Sauer Rudolf"]
[Result "1-0"]
[WhiteElo "1615"]
[BlackElo "1666"]
[PlyCount "57"]
[EventDate "2002.??.??"]
[Source "www.chesslib.no"]
[SourceDate "2004.05.04"]

1. f4 d5 2. Nf3 Nf6 3. e3 c5 4. Ne5 Nbd7 5. d4 Nxe5 6. fxe5 Ne4 7. Bb5+ Bd7 8. Bxd7+ Qxd7 9. O-O e6 10. Nd2 Nxd2 11. Bxd2 Be7 12. Qg4 Rg8 13. Rf3 O-O-O 14. Rxf7 h6 15. Rxg7 Rgf8 16. dxc5 Rf5 17. c6 bxc6 18. Bb4 Re8 19. Bd6 Rg5 20. Rxg5 Bxg5 21. Qd4 Qb7 22. b4 a6 23. a4 h5 24. Rf1 h4 25. Qc5 Rg8 26. h3 Bd8 27. a5 Qd7 28. b5 axb5 29. a6 1-0

[Event "02sen.Bad Emser Schachtage"]
[Site "?"]
[Date "2005.02.13"]
[Round "2"]
[White "Thonig Manfred"]
[Black "Jung Michael"]
[Result "0-1"]
[WhiteElo "1527"]
[BlackElo "1685"]
[PlyCount "86"]
[EventDate "2005.??.??"]
[Source "www.chesslib.no"]
[SourceDate "2004.05.04"]

1. f4 d5 2. Nf3 Nf6 3. e3 c5 4. b3 g6 5. Bb2 Bg7 6. Ne5 O-O 7. Be2 Nc6 8. d4 cxd4 9. exd4 Bf5 10. c3 Rc8 11. O-O e6 12. Nd2 Be4 13. Bf3 Bxf3 14. Qxf3 Ne7 15. Ba3 Re8 16. Qh3 Qa5 17. Bb2 Nf5 18. b4 Qc7 19. Rac1 Nd6 20. Ndf3 Nfe4 21. Ng5 h6 22. Ngf3 Nc4 23. Ba1 a5 24. g4 a4 25. Qg2 Ne3 26. Qe2 Nxf1 27. Qxf1 Qe7 28. a3 Rc7 29. h4 Kh7 30. Qe1 Rec8 31. c4 f6 32. Nd3 Rxc4 33. Rxc4 Rxc4 34. Nc5 Nxc5 35. bxc5 Qd7 36. h5 gxh5 37. Qb1+ f5 38. gxf5 exf5 39. Qe1 Bf6 40. Ne5 Qg7+ 41. Kh1 Rc2 42. Qf1 Qg3 43. Nf3 Rf2 0-1

[Event "Bad Zwesten GER"]
[Site "?"]
[Date "2002.01.05"]
[Round "2"]
[White "Weissbeck Wolf Dieter"]
[Black "Schwierkott Udo"]
[Result "1-0"]
[WhiteElo "1768"]
[BlackElo "1359"]
[PlyCount "141"]
[EventDate "2002.??.??"]
[Source "www.chesslib.no"]
[SourceDate "2004.05.04"]

1. f4 d5 2. Nf3 Nf6 3. e3 c5 4. d3 e6 5. Nbd2 Be7 6. Ne5 Nbd7 7. Ndf3 Nxe5 8. Nxe5 O-O 9. Be2 Nd7 10. Nf3 b5 11. O-O c4 12. d4 Nf6 13. Ne5 Bb7 14. c3 Nd7 15. f5 Nxe5 16. dxe5 exf5 17. Rxf5 Qc7 18. Qd4 Bc5 19. Qh4 Rae8 20. Qg3 Bc8 21. Rg5 f6 22. exf6 Qxg3 23. Rxg3 Rxf6 24. Bf3 Rf5 25. Bg4 Rfe5 26. Bxc8 Rxc8 27. Rf3 Rce8 28. Kf2 R8e6 29. Bd2 Rg6 30. Rf1 Rh5 31. Kg1 Rhg5 32. g3 h5 33. Rf5 h4 34. Rxg5 Rxg5 35. Kg2 hxg3 36. hxg3 Re5 37. Rf3 Be7 38. g4 Bf6 39. Rf5 Kf7 40. Kf3 Ke6 41. Rxe5+ Kxe5 42. Be1 Kd6 43. Bg3+ Kc5 44. Bb8 b4 45. Bxa7+ Kb5 46. Bd4 bxc3 47. bxc3 Bxd4 48. cxd4 Ka4 49. Ke2 Ka3 50. e4 Kb2 51. exd5 c3 52. d6 c2 53. d7 c1=Q 54. d8=Q Qc2+ 55. Ke3 Qc1+ 56. Ke4 Qc2+ 57. Ke5 Qe2+ 58. Kf5 Qf3+ 59. Kg5 Qe3+ 60. Kg6 Qe4+ 61. Kf7 Qxg4 62. Qd5 g5 63. Kg6 Qf4 64. Qg2+ Ka3 65. Qc2 Kb4 66. Qc5+ Ka4 67. a3 Qd2 68. Kh5 Qa5 69. Qxa5+ Kxa5 70. Kxg5 Kb5 71. Kf5 1-0

[Event "Kalamazoo, MI"]
[Site "?"]
[Date "2004.10.23"]
[Round "3.12"]
[White "Smith Les LeRoy"]
[Black "Brady John"]
[Result "1-0"]
[WhiteElo "1800"]
[BlackElo "1323"]
[PlyCount "79"]
[EventDate "2004.??.??"]
[Source "www.chesslib.no"]
[SourceDate "2004.05.04"]

1. f4 d5 2. Nf3 Nf6 3. e3 c5 4. d4 e6 5. c3 Nc6 6. Bd3 cxd4 7. exd4 Bd6 8. O-O h6 9. Ne5 O-O 10. Qe1 Ne7 11. Nd2 Nf5 12. Ndf3 Bd7 13. g4 Ne7 14. Qh4 Ne4 15. g5 Nf5 16. Qg4 hxg5 17. fxg5 Bxe5 18. Nxe5 Ned6 19. h4 f6 20. gxf6 Rxf6 21. Bg5 Be8 22. Bxf6 Qxf6 23. Qg5 Qh6 24. Qxh6 gxh6 25. Ng4 Kg7 26. Rae1 Bf7 27. Ne5 Nxh4 28. Nxf7 Nxf7 29. Rxe6 b6 30. Rf4 Ng5 31. Re7+ Kh8 32. Kf1 Nhf3 33. Rf6 h5 34. Rh6+ Kg8 35. Rxh5 Rf8 36. Ke2 Rf6 37. Kd1 a5 38. Be2 Kf8 39. Rb7 Ne6 40. Rh8# 1-0

[Event "Hengelo"]
[Site "?"]
[Date "2005.08.11"]
[Round "6"]
[White "Akkersdijk Erik"]
[Black "Schlangen Loran"]
[Result "1-0"]
[WhiteElo "1573"]
[BlackElo "1472"]
[PlyCount "51"]
[EventDate "2005.??.??"]
[Source "www.chesslib.no"]
[SourceDate "2004.05.04"]

1. f4 d5 2. Nf3 Nf6 3. e3 c5 4. d4 e6 5. c3 Nc6 6. Bd3 Bd6 7. O-O Bd7 8. Ne5 c4 9. Bc2 b5 10. Nd2 Qc7 11. g4 h6 12. Qf3 O-O-O 13. Nxf7 g5 14. Nxd8 Nxd8 15. e4 Bxf4 16. e5 Ne8 17. Nb1 Rf8 18. Bxf4 Rxf4 19. Qh3 Rxf1+ 20. Kxf1 Nf7 21. Bg6 Bc6 22. Qh5 Nd8 23. Bxe8 Qh7 24. Bg6 Qg7 25. Nd2 Qf8+ 26. Ke2 1-0

[Event "Fredrikstad"]
[Site "?"]
[Date "1995.??.??"]
[Round "2"]
[White "Zakariassen Tom A"]
[Black "Stabbetorp Hans M"]
[Result "1-0"]
[WhiteElo "1600"]
[BlackElo "1300"]
[PlyCount "83"]
[EventDate "1995.??.??"]
[Source "www.chesslib.no"]
[SourceDate "2004.05.04"]

1. f4 d5 2. Nf3 Nf6 3. e3 c5 4. b3 Nc6 5. Bb5 Bd7 6. Bb2 a6 7. Bxc6 Bxc6 8. O-O e6 9. d3 Ng4 10. Qe1 Qc7 11. h3 Nh6 12. Ne5 f6 13. Nxc6 Qxc6 14. Nd2 Rd8 15. Qf2 Be7 16. Rae1 O-O 17. g4 Qd6 18. Qg3 d4 19. e4 b5 20. Qg2 f5 21. g5 Nf7 22. g6 Nh6 23. e5 Qd5 24. Qg3 Ra8 25. Re2 Qd8 26. Rg2 Ng4 27. gxh7+ Kh8 28. hxg4 fxg4 29. Qxg4 Rf7 30. Qxe6 Qf8 31. Qg6 Ra7 32. Ne4 a5 33. f5 Bh4 34. Rg4 Bd8 35. Bc1 Bc7 36. e6 Re7 37. Ng5 Be5 38. Bf4 Bxf4 39. Rfxf4 Qf6 40. Qxf6 gxf6 41. Nf7+ Kxh7 42. Rh4+ 1-0

[Event "Passau op 8th"]
[Site "?"]
[Date "2000.04.22"]
[Round "4"]
[White "Kubinger Franz"]
[Black "Scharrer Isabel"]
[Result "1-0"]
[WhiteElo "1572"]
[BlackElo "1000"]
[PlyCount "55"]
[EventDate "2000.??.??"]
[Source "www.chesslib.no"]
[SourceDate "2004.05.04"]

1. f4 d5 2. Nf3 Nf6 3. e3 c5 4. d4 e6 5. c4 Nc6 6. Ne5 Bd7 7. Nc3 Be7 8. a3 O-O 9. Bd3 h6 10. O-O cxd4 11. Nxc6 Bxc6 12. exd4 dxc4 13. Bxc4 b5 14. Bxb5 Bb7 15. Be3 a6 16. Bd3 Qc7 17. Rc1 Qc6 18. Rc2 Nd5 19. Nxd5 Qxd5 20. Bc4 Qe4 21. Re2 Rac8 22. Bd3 Qd5 23. Ref2 Bh4 24. Rd2 Rc7 25. Qg4 Bf6 26. f5 Bxd4 27. Bxd4 Rd8 28. Qxg7# 1-0

[Event "Corr"]
[Site "?"]
[Date "2002.07.08"]
[Round "?"]
[White "Edwardson Zachariah"]
[Black "Casser Aaron"]
[Result "1-0"]
[WhiteElo "1251"]
[BlackElo "1315"]
[PlyCount "57"]
[EventDate "2002.??.??"]
[Source "www.chesslib.no"]
[SourceDate "2004.05.04"]

1. f4 d5 2. Nf3 Nf6 3. e3 c5 4. b3 e6 5. Bb2 Be7 6. Be2 Nc6 7. O-O O-O 8. Ne5 Nd7 9. Nxc6 bxc6 10. Nc3 e5 11. fxe5 Nxe5 12. d4 Ng6 13. e4 Be6 14. exd5 cxd5 15. Na4 c4 16. Nc5 Qb6 17. Ba3 Rfe8 18. bxc4 dxc4 19. Bf3 Rab8 20. c3 Nf4 21. Be4 Bd6 22. Qf3 Bc7 23. Bc1 Ng6 24. Nxe6 Qxe6 25. Bd5 Qd6 26. Bxf7+ Kh8 27. Qh5 Re4 28. g3 Rf8 29. Ba3 1-0

[Event "The Kaf"]
[Site "?"]
[Date "2001.07.07"]
[Round "4.14"]
[White "Codrington Philip"]
[Black "Cooke Tristrom"]
[Result "0-1"]
[WhiteElo "892"]
[BlackElo "1416"]
[PlyCount "102"]
[EventDate "2001.??.??"]
[Source "www.chesslib.no"]
[SourceDate "2004.05.04"]

1. f4 d5 2. Nf3 Nf6 3. e3 c5 4. b3 e6 5. Bb2 Be7 6. d4 cxd4 7. Bxd4 Nc6 8. Bb5 Bd7 9. Bxc6 Bxc6 10. O-O Bd6 11. c3 Qe7 12. b4 a5 13. Bxf6 Qxf6 14. Nd4 axb4 15. cxb4 Ba4 16. Qd2 Qe7 17. a3 O-O 18. Nc3 Rfc8 19. Ncb5 Bxb5 20. Nxb5 Rc4 21. Nxd6 Qxd6 22. Rac1 Rac8 23. Rxc4 Rxc4 24. Rc1 Rxc1+ 25. Qxc1 Qd7 26. Qc5 f6 27. g4 Kf7 28. h4 e5 29. f5 Qc6 30. Qxc6 bxc6 31. a4 Ke7 32. Kf2 Kd6 33. a5 Kc7 34. Ke2 Kb7 35. Kd3 Ka6 36. Kc3 c5 37. bxc5 Kxa5 38. g5 h6 39. gxf6 gxf6 40. Kd3 Kb5 41. e4 Kxc5 42. exd5 Kxd5 43. h5 e4+ 44. Ke3 Ke5 45. Ke2 Kxf5 46. Ke3 Ke5 47. Kf2 f5 48. Ke2 f4 49. Kf2 e3+ 50. Kf3 Kf5 51. Ke2 Kg4 0-1

[Event "AUS-chJ"]
[Site "Camberra"]
[Date "2001.01.23"]
[Round "11.26"]
[White "Selby, Kenzo"]
[Black "Fell, Sam"]
[Result "0-1"]
[WhiteElo "1101"]
[BlackElo "1039"]
[PlyCount "68"]
[EventDate "2001.01.??"]
[Source "www.chesslib.no"]
[SourceDate "2004.05.04"]

1. f4 d5 2. Nf3 Nf6 3. e3 c5 4. b3 Bf5 5. Bb2 e6 6. Bb5+ Nbd7 7. O-O Be7 8. Bxd7+ Qxd7 9. Ne5 Qd8 10. d3 O-O 11. Nd2 Nd7 12. Qe1 Bf6 13. Ndf3 Bg4 14. Rd1 Bxf3 15. Rxf3 Nb6 16. Qg3 d4 17. exd4 cxd4 18. Qg4 Rc8 19. Rd2 Qd6 20. Re2 Rc7 21. Qh5 Rfc8 22. Rff2 Qb4 23. g4 g6 24. Qh3 Nd5 25. g5 Bg7 26. Nc4 b5 27. Ba3 Qc3 28. Nd6 Rb8 29. Ne4 Qa1+ 30. Re1 Qxe1+ 31. Rf1 Qe3+ 32. Qxe3 Nxe3 33. Rf2 Rxc2 34. Rf3 b4 0-1